Sovetskomu menedžeru o social'noj rynočnoj ekonomike. Menedžement i marketing.
Názory holandského podnikateľa, ktorý založil v r. 1984 v Moskve fond, cieľom ktorého je rozvoj vzťahov medzi Východom a Západom a otvorenie centra ekonomickej pomoci pre ZSSR. Stať obsahuje otázky vzniku sociálnej trhovej ekonomiky, mechanizmu jej fungovania a porovnanie centralizovaného riadenia e...
Gespeichert in:
| 1. Verfasser: | |
|---|---|
| Format: | Buchkapitel |
| Sprache: | Russisch |
| Schlagworte: | |
| Tags: |
Keine Tags, Fügen Sie das erste Tag hinzu!
|
MARC
| LEADER | 00000naa a2200000 4500 | ||
|---|---|---|---|
| 001 | r005813 | ||
| 005 | 20221208122457.1 | ||
| 041 | 0 | |a rus | |
| 044 | |a [SU] | ||
| 245 | 1 | 0 | |a Sovetskomu menedžeru o social'noj rynočnoj ekonomike. |b Menedžement i marketing. |c F. Lurvink |
| 520 | |a Názory holandského podnikateľa, ktorý založil v r. 1984 v Moskve fond, cieľom ktorého je rozvoj vzťahov medzi Východom a Západom a otvorenie centra ekonomickej pomoci pre ZSSR. Stať obsahuje otázky vzniku sociálnej trhovej ekonomiky, mechanizmu jej fungovania a porovnanie centralizovaného riadenia ekonomiky s ekonomikou trhovou. | ||
| 610 | 2 | 0 | |a hospodárstvo trhové |
| 610 | 2 | 0 | |a riadenie centrálne |
| 610 | 2 | 0 | |a pomoc hospodárska |
| 610 | 2 | 0 | |a ZSSR |
| 610 | 2 | 0 | |a manažment |
| 610 | 2 | 0 | |a marketing |
| 610 | 2 | 0 | |a politika sociálna |
| 100 | 1 | |a Lurvink, F. | |